Mấy vấn đề phát triển xã hội ghi nhận 10 năm: 1983 -1993
Đã lưu trong:
| 主要作者: | |
|---|---|
| 格式: | 圖書 |
| 出版: |
Hà Nội
1994
|
| 標簽: |
添加標簽
沒有標簽, 成為第一個標記此記錄!
|
| Thư viện lưu trữ: | Trung tâm Học liệu Lê Vũ Hùng, Trường Đại học Đồng Tháp |
|---|
| LEADER | 00729pam a22002298a 4500 | ||
|---|---|---|---|
| 001 | 00039576 | ||
| 005 | 20171026081025.0 | ||
| 008 | 170519s1994 ||||||Viesd | ||
| 041 | 0 | # | |a Vie |
| 082 | 1 | 4 | |a 303 |b M126V |
| 100 | 1 | # | |a Nguyễn, Thị Oanh |
| 245 | 1 | 0 | |a Mấy vấn đề phát triển xã hội |c Nguyễn Thị Oanh |b ghi nhận 10 năm: 1983 -1993 |
| 260 | # | # | |a Hà Nội |c 1994 |
| 300 | # | # | |a 208tr. |c 21 cm |
| 852 | # | # | |b Kho mượn |j KM.0021375 |
| 852 | # | # | |b Kho đọc |j KD.1001713, KD.0020399 |
| 852 | # | # | |j KD.0020399 |j KM.0021375 |j KM.0025064 |
| 910 | |d 19/05/2017 | ||
| 980 | # | # | |a Trung tâm Học liệu Lê Vũ Hùng, Trường Đại học Đồng Tháp |